Biblioteca y Centro de Documentación

From regressive pollution taxes to progressive environmental tax reforms (Registro nro. 45472)

Detalles MARC
000 -CABECERA
Longitud fija campo de control 01073naa a2200289 4500
001 - NÚMERO DE CONTROL
Número de control 45472
003 - IDENTIFICADOR DE NÚMERO DE CONTROL
Identificador del número de control ES-MaCES
005 - FECHA Y HORA DE LA ÚLTIMA TRANSACCIÓN
Fecha y hora de la última transacción 20150925142056.0
008 - CAMPO FIJO DE DESCRIPCIÓN FIJA--INFORMACIÓN GENERAL
Códigos de información de longitud fija   000000s2014 xxk||||| t||||||| ||eng d
040 ## - FUENTE DE CATALOGACIÓN
Centro catalogador de origen ES-MaCES
Lengua de catalogación spa
Centro transcriptor ES-MaCES
100 1# - ENCABEZAMIENTO PRINCIPAL--NOMBRE PERSONAL
9 (RLIN) 35392
Nombre de persona Chiroleu-Assouline, Mireille
245 10 - MENCIÓN DE TÍTULO
Título From regressive pollution taxes to progressive environmental tax reforms
Mención de responsabilidad, etc. Mireille Chiroleu-Assouline, Mouez Fodha
500 ## - NOTA GENERAL
Nota general Resumen
504 ## - NOTA DE BIBLIOGRAFÍA, ETC.
Nota de bibliografía, etc. Bibliografía: p. 141-142
650 #4 - ASIENTO SECUNDARIO DE MATERIA--TÉRMINO DE MATERIA
9 (RLIN) 27791
Término de materia o nombre geográfico como elemento inicial contaminación
650 #4 - ASIENTO SECUNDARIO DE MATERIA--TÉRMINO DE MATERIA
9 (RLIN) 28082
Término de materia o nombre geográfico como elemento inicial política fiscal
650 #4 - ASIENTO SECUNDARIO DE MATERIA--TÉRMINO DE MATERIA
9 (RLIN) 29422
Término de materia o nombre geográfico como elemento inicial política ambiental
650 #4 - ASIENTO SECUNDARIO DE MATERIA--TÉRMINO DE MATERIA
9 (RLIN) 30785
Término de materia o nombre geográfico como elemento inicial desarrollo sostenible
650 #4 - ASIENTO SECUNDARIO DE MATERIA--TÉRMINO DE MATERIA
9 (RLIN) 27033
Término de materia o nombre geográfico como elemento inicial bienestar
650 #4 - ASIENTO SECUNDARIO DE MATERIA--TÉRMINO DE MATERIA
9 (RLIN) 29536
Término de materia o nombre geográfico como elemento inicial método estadístico
653 10 - TÉRMINO DE INDEXACIÓN--NO CONTROLADO
Término no controlado Medio ambiente
650 #4 - ASIENTO SECUNDARIO DE MATERIA--TÉRMINO DE MATERIA
9 (RLIN) 28086
Término de materia o nombre geográfico como elemento inicial impuesto
700 1# - ENCABEZAMIENTO SECUNDARIO--NOMBRE PERSONAL
9 (RLIN) 35393
Nombre de persona Fodha, Mouez
773 0# - ENTRADA DE DOCUMENTO FUENTE
Itemnumber del ítem fuente 81900
Lugar, editor y fecha de publicación Amsterdam (P.O. Box 211, 1000 AE) Elsevier Science
Otro identificador del documento 084805
Título European economic review
Número de control del registro relacionado (ES-MaCES)25173
Parte(s) relacionada(s) vol. 69 (July 2014) {10156 R. 084805} ;p. 126-142
902 ## - CES. TIPO DE DOCUMENTO
Tipodoc (006$c Sirtex) ART Artículo de revista
942 ## - ELEMENTOS KOHA
Fuente de clasificaión o esquema Clasificación propia del CES
Koha [por defecto] tipo de item Artículos (1982-2017)
Parte de clasificación Medio Ambiente

No hay ítems disponibles.

© CES, Consejo Económico y Social de España 2021